000 00567nam a2200169 a 4500
001 000002456
005 20200929150209.0
008 090702s2007 sp 000 0 spa d
020 _a9788489384095
040 _aDO-SdBNP
_bspa
_cBNPHU
082 _axxx
_bxxx
245 0 0 _aLibros escogidos de literatura infantil (12-15 años) 2005-2006 .
260 _aMadrid :
_bRed de Selección de Libros Infantiles y Juveniles : Fundación Germán Sánchez Ruipérez,
_c2007.
300 _a120 p. :
_bil. ;
_c20 cm.
500 _aIncluye índice
590 _aInventariado, 2018/MFF
999 _c2292
_d2292